Els plurals en català | Plurals in Catalan - Statistics

General Stats
  • This quiz has been taken 14 times
  • The average score is 44 of 46
Answer Stats
Hint Answer % Correct
Avió avions
100%
Casa cases
100%
Castell castells
100%
Cullera culleres
100%
Despatx despatxos
100%
Dona dones
100%
Forquilla forquilles
100%
Gat gats
100%
Home homes
100%
Italià italians
100%
Llit llits
100%
Música músiques
100%
Nena nenes
100%
Nen nens
100%
Nom noms
100%
Paraula paraules
100%
Peix peixos
100%
Plat plats
100%
Tren trens
100%
Alt alts
92%
Anglès anglesos
92%
Animal animals
92%
Baix baixos
92%
Braç braços
92%
Cadira cadires
92%
Calaix calaixos
92%
Cosina cosines
92%
Cosí cosins
92%
Espanyol espanyols
92%
Francès francesos
92%
Germana germanes
92%
Germà germans
92%
Gos gossos
92%
Lleó lleons
92%
Mare mares
92%
Mico micos
92%
Ocell ocells
92%
Pare pares
92%
Petit petits
92%
Pregunta preguntes
92%
Prim prims
92%
Resposta respostes
92%
Serè serens
92%
Tigre tigres
92%
Català catalans
83%
Tauró taurons
83%
No matching quizzes found
Score Distribution
Percent of People with Each Score
Percentile by Number Answered
Your Score History
You have not taken this quiz